Statistics for Geography of Thailand

Click here to take the quiz!

General Stats

  • This quiz has been taken 226 times
  • The average score is 14 of 20

Answer Stats

QuestionAnswer% Correct
What is the capital of Thailand?Bangkok
99%
By what name was Thailand known as until 1939?Siam
94%
With what country does Thailand share its longest border?Myanmar
89%
What type of natural disaster struck and devastated Thailand in 2004?Tsunami
89%
What is the most commonly practiced religion in Thailand?Buddhism
88%
What is the national animal of Thailand?Elephant
86%
What is the largest island of Thailand?Phuket
85%
What is the currency of Thailand?Baht
77%
What river makes most of Thailand's border with Laos?Mekong
76%
What is the most populous city in northern Thailand?Chiang Mai
75%
On what major peninsula is the northern half of Thailand situated?Indochina
73%
On what major peninsula is the southern half of Thailand situated?{Malay} Peninsula
72%
In what sea is the above located?{Andaman} Sea
70%
What is the second largest ethnic group in Thailand after the Thai people?Han Chinese
69%
What major gulf does Thailand border?Gulf of {Thailand}
65%
What is the Thai name for the above?Krung Thep
58%
What ancient city used to serve as the capital of Thailand between 1351–1767?Ayutthaya
45%
What is the second most populous urban area in Thailand?Chonburi-Pattaya
34%
What is the most populous city in southern Thailand?Hat Yai
22%
What street in the capital is famous for its go-go bars?Soi {Cowboy}
22%

Score Distribution

Percentile by Number Answered

Percent of People with Each Score

Your Score History

You have not taken this quiz